Estudio de prefactibilidad para la producción de etanol a partir del banano maduro

Saved in:
Bibliographic Details
Main Author: Vargas Chavarría, Wilberth
Format: Book
Published: San José, C.R. 1999
Subjects:
Tags: Add Tag
No Tags, Be the first to tag this record!

MARC

LEADER 00000nam a2200000Ia 4500
003 008776
005 20221231144213.0
008 140114s1999 cr a m 000 ||s d
040 |c cru CEDI 
090 |a TFG 4059 
100 |a Vargas Chavarría, Wilberth  |9 8475 
245 |a Estudio de prefactibilidad para la producción de etanol a partir del banano maduro  
260 |c 1999  |a  San José, C.R. 
300 |a  viii, 97 hojas  
500 |a  Tesis (licenciatura en ingeniería química)--Universidad de Costa Rica. Facultad de Ingeniería. Escuela de Ingeniería Química 
650 |x BANANOS   |x COSTA RICA   |x ALCOHOL   |x PRODUCCION  |9 8476 
942 |c TFG 
999 |c 18408  |d 18408